[Event "Reykjavik op"]
[Site "Reykjavik"]
[Date "2012.03.06"]
[Round "1"]
[White "Cummings, David"]
[Black "Ragnarsson, Dagur"]
[Result "0-1"]
[WhiteElo "2341"]
[BlackElo "1858"]
[PlyCount "86"]
[GameId "1166655332577280"]
[EventDate "2012.03.06"]
[EventType "swiss"]
[EventRounds "9"]
[EventCountry "ISL"]
[SourceTitle "CBM 147 Extra"]
[Source "ChessBase"]
[SourceDate "2012.04.24"]
[SourceVersion "1"]
[SourceVersionDate "2012.04.24"]
[SourceQuality "1"]

1. c4 e6 2. g3 Nf6 3. Bg2 d5 4. Nf3 Be7 5. O-O O-O 6. b3 c5 7. Bb2 b6 8. e3 Bb7 9. Nc3 Nc6 10. cxd5 exd5 11. d4 cxd4 12. Nxd4 Bc5 13. Nce2 Re8 14. Rc1 Ne5 15. Nf4 Ng6 16. Nh5 Bd6 17. Nc6 Bxc6 18. Bxf6 gxf6 19. Rxc6 Re5 20. Bxd5 Be7 21. e4 Rc8 22. Rxc8 Qxc8 23. f4 Bc5+ 24. Kh1 Re7 25. Nxf6+ Kg7 26. Nh5+ Kf8 27. f5 Ne5 28. Qc1 Ng4 29. b4 Qa6 30. h3 Be3 31. Qa1 Bd4 32. Qe1 Ne3 33. Rf3 Nxd5 34. Qd2 Rxe4 35. Rd3 Qc4 36. a3 Be3 37. Qd1 Rd4 38. Rxd4 Qxd4 39. Qc2 Nc3 40. f6 Qe4+ 41. Qxe4 Nxe4 42. Kg2 Bg5 43. h4 Nxf6 0-1

[Event "Reykjavik op"]
[Site "Reykjavik"]
[Date "2012.03.07"]
[Round "2"]
[White "Antonsson, Atli"]
[Black "Cummings, David"]
[Result "0-1"]
[WhiteElo "1849"]
[BlackElo "2341"]
[PlyCount "56"]
[GameId "1166655332945920"]
[EventDate "2012.03.06"]
[EventType "swiss"]
[EventRounds "9"]
[EventCountry "ISL"]
[SourceTitle "CBM 147 Extra"]
[Source "ChessBase"]
[SourceDate "2012.04.24"]
[SourceVersion "1"]
[SourceVersionDate "2012.04.24"]
[SourceQuality "1"]

1. d4 d5 2. c4 e6 3. Nc3 Be7 4. cxd5 exd5 5. Bf4 Nf6 6. Qc2 Nc6 7. e3 Nb4 8. Qb1 g6 9. Qd1 Bf5 10. Rc1 c5 11. Be5 O-O 12. a3 Nc6 13. dxc5 Nxe5 14. b4 a5 15. Be2 axb4 16. axb4 b6 17. f4 Nc4 18. Qd4 bxc5 19. bxc5 Rc8 20. Nxd5 Qxd5 21. Rxc4 Qxg2 22. Bf3 Qa2 23. Ne2 Rfd8 24. Qc3 Bd3 25. Rd4 Bxe2 26. Bxe2 Ne4 27. Qd3 Bh4+ 28. Kf1 Nf2 0-1

[Event "Reykjavik op"]
[Site "Reykjavik"]
[Date "2012.03.08"]
[Round "3"]
[White "Cummings, David"]
[Black "Thorsteinsdottir, Gudlaug"]
[Result "1-0"]
[WhiteElo "2341"]
[BlackElo "2085"]
[PlyCount "83"]
[GameId "1166655333392384"]
[EventDate "2012.03.06"]
[EventType "swiss"]
[EventRounds "9"]
[EventCountry "ISL"]
[SourceTitle "CBM 147 Extra"]
[Source "ChessBase"]
[SourceDate "2012.04.24"]
[SourceVersion "1"]
[SourceVersionDate "2012.04.24"]
[SourceQuality "1"]

1. c4 e5 2. g3 d6 3. Nc3 g6 4. Bg2 Bg7 5. d3 Ne7 6. e4 O-O 7. Nge2 c6 8. O-O f5 9. f4 Na6 10. Be3 Be6 11. Rc1 fxe4 12. Nxe4 Bg4 13. fxe5 dxe5 14. Rxf8+ Qxf8 15. Qd2 Nf5 16. Rf1 Qb4 17. N2c3 Nxe3 18. Qxe3 Qe7 19. a3 Nc7 20. Nc5 Ne6 21. Nxe6 Bxe6 22. Ne4 Bf5 23. b4 Bxe4 24. Bxe4 a6 25. d4 Qd6 26. d5 Rf8 27. Rxf8+ Bxf8 28. c5 Qf6 29. dxc6 bxc6 30. Qb3+ Kh8 31. Qf3 Qd8 32. Bxc6 a5 33. Bd5 Bh6 34. b5 Bf8 35. c6 Bc5+ 36. Kg2 Bb6 37. Qf7 Bc7 38. h4 h5 39. Kf3 e4+ 40. Kxe4 Bxg3 41. b6 Bd6 42. Qg8+ 1-0

[Event "Reykjavik op"]
[Site "Reykjavik"]
[Date "2012.03.09"]
[Round "4"]
[White "Bjornsson, Sverrir Orn"]
[Black "Cummings, David"]
[Result "1/2-1/2"]
[WhiteElo "2153"]
[BlackElo "2341"]
[PlyCount "81"]
[GameId "1166655333793792"]
[EventDate "2012.03.06"]
[EventType "swiss"]
[EventRounds "9"]
[EventCountry "ISL"]
[SourceTitle "CBM 147 Extra"]
[Source "ChessBase"]
[SourceDate "2012.04.24"]
[SourceVersion "1"]
[SourceVersionDate "2012.04.24"]
[SourceQuality "1"]

1. d4 d5 2. c4 e6 3. Nc3 Be7 4. cxd5 exd5 5. Bf4 Nf6 6. e3 Bf5 7. Qb3 Nc6 8. a3 Na5 9. Qa2 O-O 10. Nf3 c5 11. dxc5 Bxc5 12. Rd1 Bc2 13. Rd2 Bb3 14. Qb1 Rc8 15. Be5 Ng4 16. Bd4 Nc4 17. Bxc4 Bxc4 18. Qf5 Nh6 19. Qh5 Re8 20. h4 Bxd4 21. Nxd4 Qf6 22. Qg5 Qd6 23. Rh3 f6 24. Qh5 Qe5 25. Qf3 f5 26. Kd1 Rf8 27. Qf4 Qxf4 28. exf4 Ng4 29. Rg3 g6 30. b3 Bf1 31. Nxd5 Kf7 32. Ne3 Nxe3+ 33. fxe3 Rc3 34. Ke1 Ba6 35. Kf2 Rd8 36. h5 Rc1 37. hxg6+ hxg6 38. Rh3 Kg8 39. Rh6 Rd6 40. a4 Rc3 41. Rh1 1/2-1/2

[Event "Reykjavik op"]
[Site "Reykjavik"]
[Date "2012.03.11"]
[Round "7"]
[White "Cummings, David"]
[Black "Bjarnason, Saevar"]
[Result "1-0"]
[WhiteElo "2341"]
[BlackElo "2092"]
[PlyCount "83"]
[GameId "1166655334989824"]
[EventDate "2012.03.06"]
[EventType "swiss"]
[EventRounds "9"]
[EventCountry "ISL"]
[SourceTitle "CBM 147 Extra"]
[Source "ChessBase"]
[SourceDate "2012.04.24"]
[SourceVersion "1"]
[SourceVersionDate "2012.04.24"]
[SourceQuality "1"]

1. c4 Nf6 2. Nc3 g6 3. g3 Bg7 4. Bg2 O-O 5. e4 d6 6. Nge2 c5 7. O-O Nc6 8. d3 a6 9. a4 Bd7 10. h3 Rb8 11. Rb1 Ne8 12. Be3 Nc7 13. d4 cxd4 14. Nxd4 Nxd4 15. Bxd4 Bxd4 16. Qxd4 b5 17. axb5 axb5 18. cxb5 Bxb5 19. Rfd1 Ne6 20. Qe3 Qb6 21. Qh6 Bc4 22. h4 Ng7 23. b4 Nh5 24. Bf3 Nf6 25. h5 Rfc8 26. hxg6 fxg6 27. Qd2 Be6 28. b5 Qc5 29. Rdc1 Qe5 30. b6 Rc4 31. Nd5 Rxc1+ 32. Qxc1 Bxd5 33. exd5 Qf5 34. Rb3 Nd7 35. Qd1 Nxb6 36. Bg4 Qf6 37. Be6+ Kh8 38. Qc2 Qd4 39. Qc7 Ra8 40. Qxb6 Ra1+ 41. Kg2 Qe4+ 42. Rf3 1-0

[Event "Reykjavik op"]
[Site "Reykjavik"]
[Date "2012.03.12"]
[Round "8"]
[White "Hunt, Adam"]
[Black "Cummings, David"]
[Result "1-0"]
[WhiteElo "2454"]
[BlackElo "2341"]
[PlyCount "71"]
[GameId "1166655335460864"]
[EventDate "2012.03.06"]
[EventType "swiss"]
[EventRounds "9"]
[EventCountry "ISL"]
[SourceTitle "CBM 147 Extra"]
[Source "ChessBase"]
[SourceDate "2012.04.24"]
[SourceVersion "1"]
[SourceVersionDate "2012.04.24"]
[SourceQuality "1"]

1. e4 c5 2. Nf3 e6 3. d4 cxd4 4. Nxd4 a6 5. Bd3 Bc5 6. Nb3 Be7 7. Qg4 g6 8. Qe2 d6 9. a4 b6 10. Na3 Nd7 11. O-O Bb7 12. Nc4 Ngf6 13. Bh6 Qc7 14. f4 d5 15. exd5 Nxd5 16. Rae1 Rg8 17. Ne5 Nc5 18. Nxc5 Bxc5+ 19. Kh1 Ne3 20. Rf3 Nf5 21. Rh3 Nd4 22. Qf1 Bd6 23. Bg5 h5 24. Be4 Bxe4 25. Rxe4 Nf5 26. Rc4 Qb7 27. Rhc3 Ne7 28. Rd3 Nd5 29. Qf3 Bxe5 30. fxe5 b5 31. Rc5 Rc8 32. Rxc8+ Qxc8 33. Rxd5 exd5 34. Qxd5 Kf8 35. Bf6 g5 36. Qd6+ 1-0

[Event "Pan American-ch Seniors 50"]
[Site "Sao Paulo"]
[Date "2014.12.19"]
[Round "4"]
[White "Nogueira, Ivan Kuhlmann"]
[Black "Cummings, David"]
[Result "0-1"]
[WhiteElo "2311"]
[BlackElo "2311"]
[PlyCount "98"]
[GameId "1166658995400704"]
[EventDate "2014.12.17"]
[EventType "swiss"]
[EventRounds "7"]
[EventCountry "BRA"]
[SourceTitle "CBM 164 Extra"]
[Source "ChessBase"]
[SourceDate "2015.03.02"]
[SourceVersion "1"]
[SourceVersionDate "2015.03.02"]
[SourceQuality "1"]

1. e4 e5 2. d4 exd4 3. Nf3 Nc6 4. Nxd4 Bb4+ 5. c3 Bc5 6. Nb3 Bb6 7. a4 a6 8. Qe2 Qe7 9. a5 Ba7 10. Ra4 Nf6 11. Be3 O-O 12. Bxa7 Rxa7 13. f3 b5 14. axb6 cxb6 15. Qe3 b5 16. Bxb5 Rb7 17. Bxc6 Rxb3 18. Ba8 Rb8 19. Qa7 Rxb2 20. O-O Qe5 21. Rb4 Re2 22. f4 Qe6 23. e5 Nd5 24. Rd4 Ne3 25. Bf3 Qa2 26. Rd2 Rxd2 27. Qxe3 Rb2 28. Qd3 Bb7 29. Bxb7 Rxb7 30. Nd2 Rb2 31. Rf2 Qa1+ 32. Rf1 Qa2 33. Rf2 Qe6 34. f5 Qb6 35. f6 g6 36. g3 Re8 37. Kg2 Qc6+ 38. Nf3 Rxf2+ 39. Kxf2 h6 40. Qd4 Rb8 41. Qd2 Qb6+ 42. Nd4 Qb2 43. Nc2 Kh7 44. Kf3 Qb7+ 45. Kf4 Re8 46. Qd4 Qc6 47. Ne3 g5+ 48. Kg4 Qe6+ 49. Nf5 Kg6 0-1

[Event "Pan American-ch Seniors 50"]
[Site "Sao Paulo"]
[Date "2014.12.20"]
[Round "5"]
[White "Cummings, David"]
[Black "Carvalho, Herbert Abreu"]
[Result "1-0"]
[WhiteElo "2311"]
[BlackElo "2244"]
[PlyCount "41"]
[GameId "1166658995429376"]
[EventDate "2014.12.17"]
[EventType "swiss"]
[EventRounds "7"]
[EventCountry "BRA"]
[SourceTitle "CBM 164 Extra"]
[Source "ChessBase"]
[SourceDate "2015.03.02"]
[SourceVersion "1"]
[SourceVersionDate "2015.03.02"]
[SourceQuality "1"]

1. d4 Nf6 2. c4 g6 3. Nc3 d5 4. cxd5 Nxd5 5. e4 Nb6 6. Be3 Bg7 7. h3 O-O 8. Nf3 Nc6 9. d5 Na5 10. Bd4 f6 11. Bxb6 axb6 12. b4 Qd6 13. bxa5 Rxa5 14. Qd4 Bd7 15. Bc4 b5 16. Bb3 b4 17. Ne2 Bb5 18. Qe3 Kh8 19. O-O c5 20. dxc6 bxc6 21. Rfd1 1-0

[Event "Pan American-ch Seniors 50"]
[Site "Sao Paulo"]
[Date "2014.12.20"]
[Round "6"]
[White "Tsuboi, Edson Kenji"]
[Black "Cummings, David"]
[Result "0-1"]
[WhiteElo "2252"]
[BlackElo "2311"]
[PlyCount "70"]
[GameId "1166658995527680"]
[EventDate "2014.12.17"]
[EventType "swiss"]
[EventRounds "7"]
[EventCountry "BRA"]
[SourceTitle "CBM 164 Extra"]
[Source "ChessBase"]
[SourceDate "2015.03.02"]
[SourceVersion "1"]
[SourceVersionDate "2015.03.02"]
[SourceQuality "1"]

1. e4 e5 2. Nf3 Nc6 3. Bb5 Nf6 4. O-O Nxe4 5. d4 Nd6 6. Bxc6 dxc6 7. dxe5 Nf5 8. Qxd8+ Kxd8 9. Nc3 Ke8 10. h3 h5 11. Bf4 Be7 12. Ne2 c5 13. Nc3 Be6 14. Rad1 Rd8 15. Rxd8+ Kxd8 16. Rd1+ Kc8 17. Nd5 Rd8 18. Nxe7+ Nxe7 19. Rxd8+ Kxd8 20. b3 Bf5 21. c3 Nd5 22. Bd2 Ke7 23. Ne1 a5 24. f4 c4 25. bxc4 Nb6 26. c5 Nc4 27. Bc1 Be4 28. Kf2 Ke6 29. Kg3 a4 30. a3 Kd5 31. Kh4 Kxc5 32. Kg5 Kd5 33. g4 hxg4 34. hxg4 c5 35. Kh4 b5 0-1

[Event "Pan American-ch Seniors 50"]
[Site "Sao Paulo"]
[Date "2014.12.21"]
[Round "7"]
[White "Cummings, David"]
[Black "D'Israel, Davy Maurice"]
[Result "1-0"]
[WhiteElo "2311"]
[BlackElo "2206"]
[PlyCount "45"]
[GameId "1166658995556352"]
[EventDate "2014.12.17"]
[EventType "swiss"]
[EventRounds "7"]
[EventCountry "BRA"]
[SourceTitle "CBM 164 Extra"]
[Source "ChessBase"]
[SourceDate "2015.03.02"]
[SourceVersion "1"]
[SourceVersionDate "2015.03.02"]
[SourceQuality "1"]

1. d4 d5 2. c4 c6 3. Nc3 Nf6 4. e3 g6 5. Nf3 Bg7 6. Be2 a6 7. O-O O-O 8. Bd2 b5 9. cxd5 cxd5 10. b4 Qd6 11. a4 bxa4 12. Nxa4 Ne4 13. Nc5 Nd7 14. Qc2 Nxd2 15. Qxd2 Qb6 16. Rfc1 Rd8 17. b5 a5 18. Ra2 Nf6 19. Ne5 Ne4 20. Nxe4 Bxe5 21. Rc6 Bxh2+ 22. Kxh2 Qb8+ 23. Ng3 1-0

[Event "Reykjavik op"]
[Site "Reykjavik"]
[Date "2015.03.11"]
[Round "3"]
[White "Cummings, David"]
[Black "Hammer, Jon Ludvig"]
[Result "1/2-1/2"]
[WhiteElo "2345"]
[BlackElo "2651"]
[PlyCount "152"]
[GameId "1166659190435840"]
[EventDate "2015.03.10"]
[EventType "swiss"]
[EventRounds "10"]
[EventCountry "ISL"]
[SourceTitle "CBM 165 Extra"]
[Source "ChessBase"]
[SourceDate "2015.04.21"]
[SourceVersion "1"]
[SourceVersionDate "2015.04.21"]
[SourceQuality "1"]

1. d4 Nf6 2. c4 e6 3. Nc3 Bb4 4. e3 O-O 5. Nge2 d5 6. a3 Be7 7. cxd5 exd5 8. Nf4 Re8 9. Bd3 c6 10. O-O Nbd7 11. f3 Nf8 12. Bc2 Ne6 13. e4 dxe4 14. Nxe6 Bxe6 15. fxe4 c5 16. d5 Bg4 17. Qd3 Bd6 18. Bf4 Bxf4 19. Rxf4 Qb6 20. Qb5 Qd6 21. Raf1 Bd7 22. Qd3 Re5 23. Ne2 Rae8 24. Ng3 b5 25. Kh1 Kf8 26. Qc3 Rg5 27. Qd2 Qe5 28. Bb1 Kg8 29. Qf2 Rc8 30. Kg1 a5 31. Nf5 Bxf5 32. Rxf5 Rxf5 33. Qxf5 Re8 34. Qxe5 Rxe5 35. Rc1 Nd7 36. a4 bxa4 37. Rc4 Re8 38. Rxa4 Ra8 39. Bd3 Nb6 40. Ra3 c4 41. Be2 a4 42. Rc3 Kf8 43. d6 Rd8 44. e5 Rc8 45. d7 Nxd7 46. Rxc4 Rb8 47. Rxa4 Rxb2 48. Re4 Ke7 49. Kf1 g6 50. Bg4 Nb6 51. h4 Nd5 52. h5 Rb4 53. Rxb4 Nxb4 54. hxg6 hxg6 55. Ke2 Nc6 56. Ke3 Nxe5 57. Be2 Kf6 58. g3 Kf5 59. Bd1 Nc4+ 60. Kf3 Ke5 61. Bc2 g5 62. Bd3 Nb6 63. Bb1 Nc8 64. Ba2 Nd6 65. Kg4 f6 66. Kf3 Nf5 67. Bb1 Ne7 68. Ba2 Nc6 69. Bb1 Nb4 70. Ke3 f5 71. Kf3 g4+ 72. Kf2 Na6 73. Ba2 Nc5 74. Bf7 Ne4+ 75. Kg2 f4 76. gxf4+ Kxf4 1/2-1/2

[Event "Philadelphia op 9th"]
[Site "Philadelphia"]
[Date "2015.04.03"]
[Round "4"]
[White "Cummings, David"]
[Black "Margvelashvili, Giorgi"]
[Result "0-1"]
[WhiteElo "2345"]
[BlackElo "2534"]
[PlyCount "80"]
[GameId "1166659260637184"]
[EventDate "2015.04.01"]
[EventType "swiss"]
[EventRounds "9"]
[EventCountry "USA"]
[SourceTitle "CBM 165 Extra"]
[Source "ChessBase"]
[SourceDate "2015.04.21"]
[SourceVersion "1"]
[SourceVersionDate "2015.04.21"]
[SourceQuality "1"]

1. d4 Nf6 2. c4 e6 3. Nc3 Bb4 4. e3 O-O 5. Nge2 d5 6. a3 Be7 7. cxd5 exd5 8. Nf4 Re8 9. Bd3 Bd6 10. O-O Bxf4 11. exf4 Nc6 12. Bc2 Ne7 13. h3 Bf5 14. Ba4 Bd7 15. b4 Bxa4 16. Nxa4 Ne4 17. Qd3 b6 18. Ra2 Qd7 19. Nc3 Nf5 20. Rc2 h5 21. Bb2 Nxc3 22. Qxc3 Rac8 23. Qf3 g6 24. Rfc1 Re4 25. Rc6 Nd6 26. g4 hxg4 27. hxg4 b5 28. Kg2 Nc4 29. R6xc4 bxc4 30. Rh1 f6 31. f5 gxf5 32. gxf5 Qg7+ 33. Kf1 Qg4 34. Rg1 Re1+ 35. Kxe1 Qxg1+ 36. Kd2 c6 37. b5 Re8 38. Kc2 Qe1 39. Qg3+ Kf8 40. Qd6+ Kf7 0-1

[Event "Philadelphia op 9th"]
[Site "Philadelphia"]
[Date "2015.04.05"]
[Round "8"]
[White "Wang, Qibiao"]
[Black "Cummings, David"]
[Result "1/2-1/2"]
[WhiteElo "2206"]
[BlackElo "2345"]
[PlyCount "96"]
[GameId "1166659260915712"]
[EventDate "2015.04.01"]
[EventType "swiss"]
[EventRounds "9"]
[EventCountry "USA"]
[SourceTitle "CBM 165 Extra"]
[Source "ChessBase"]
[SourceDate "2015.04.21"]
[SourceVersion "1"]
[SourceVersionDate "2015.04.21"]
[SourceQuality "1"]

1. e4 e5 2. Nf3 Nc6 3. Bb5 Nf6 4. d3 Bc5 5. Nbd2 O-O 6. Nb3 Bd6 7. O-O Re8 8. h3 a6 9. Bxc6 dxc6 10. Be3 Qe7 11. Nfd2 a5 12. a4 Be6 13. Qf3 h6 14. Rfe1 Nh7 15. Qg3 Qf6 16. Nc5 Bc8 17. Nc4 Nf8 18. Nb3 Be6 19. Bd2 b6 20. Be3 Ng6 21. Nbd2 c5 22. Rf1 Nf4 23. Rae1 Rad8 24. Qf3 g5 25. Bxf4 gxf4 26. Qh5 Qg5 27. Qxg5+ hxg5 28. Kh2 Kg7 29. f3 Rh8 30. Kg1 f6 31. Kf2 Be7 32. Rg1 Bd7 33. b3 Ra8 34. Ra1 Bd8 35. Ra3 Kf7 36. Nb1 Ke7 37. Nc3 c6 38. Rga1 Bc7 39. R3a2 Ke6 40. Ke2 Ra7 41. Kf2 Rb8 42. Ke2 Bd8 43. Nd2 Kf7 44. Nd1 Be6 45. Nb2 b5 46. Rd1 Rd7 47. Raa1 Bc7 48. Rab1 Ke7 1/2-1/2

[Event "Philadelphia op 9th"]
[Site "Philadelphia"]
[Date "2015.04.05"]
[Round "9"]
[White "Cummings, David"]
[Black "Rohde, Michael A"]
[Result "1/2-1/2"]
[WhiteElo "2345"]
[BlackElo "2455"]
[PlyCount "74"]
[GameId "1166659260923904"]
[EventDate "2015.04.01"]
[EventType "swiss"]
[EventRounds "9"]
[EventCountry "USA"]
[SourceTitle "CBM 165 Extra"]
[Source "ChessBase"]
[SourceDate "2015.04.21"]
[SourceVersion "1"]
[SourceVersionDate "2015.04.21"]
[SourceQuality "1"]

1. d4 Nf6 2. c4 e6 3. Nc3 Bb4 4. e3 O-O 5. Nge2 Re8 6. a3 Bf8 7. Ng3 d5 8. Be2 b6 9. b4 c6 10. O-O Nbd7 11. e4 dxe4 12. Ncxe4 a5 13. Rb1 axb4 14. axb4 Bb7 15. Bf3 Qc7 16. Qc2 Nxe4 17. Nxe4 e5 18. Ng5 g6 19. dxe5 Nxe5 20. Bb2 Bg7 21. h3 Qe7 22. Bxe5 Qxe5 23. Ne4 Qf5 24. Rfe1 Rad8 25. Rbd1 h5 26. c5 bxc5 27. Rxd8 Rxd8 28. Qxc5 Qf4 29. Qe7 Rb8 30. Nc5 Bc8 31. Bxc6 Bf8 32. Qe4 Rxb4 33. Qxf4 Rxf4 34. Nd7 Rc4 35. Bd5 Rd4 36. Nxf8 Kxf8 37. Bf3 Be6 1/2-1/2

[Event "Panamericano-ch Senior 50"]
[Site "Porlamar"]
[Date "2015.08.24"]
[Round "4.1"]
[White "Ostos, Julio Eduardo"]
[Black "Cummings, David"]
[Result "1-0"]
[WhiteElo "2242"]
[BlackElo "2311"]
[PlyCount "75"]
[GameId "1528360922976256"]
[EventDate "2015.08.22"]
[EventType "swiss"]
[EventRounds "9"]
[EventCountry "VEN"]
[SourceTitle "EXT 2024"]
[Source "ChessBase"]
[SourceDate "2023.10.10"]
[SourceVersion "1"]
[SourceVersionDate "2023.10.10"]
[SourceQuality "1"]

1. e4 e5 2. Nf3 Nc6 3. Nc3 Nf6 4. Bb5 Bd6 5. d3 a6 6. Ba4 h6 7. a3 b5 8. Bb3 Nd4 9. Nxd4 exd4 10. Ne2 Bc5 11. c3 dxc3 12. d4 Bb6 13. e5 Nh7 14. bxc3 d5 15. Nf4 c6 16. Bc2 Qe7 17. O-O Be6 18. Nxe6 fxe6 19. Qh5+ Kd8 20. f4 Rf8 21. Be3 Kc7 22. a4 Kb7 23. Bg6 Bd8 24. g3 Bc7 25. Qe2 Rfd8 26. Qa2 Bb6 27. f5 Ra7 28. fxe6 Qxe6 29. Bf5 Qg8 30. Qa3 Bc7 31. Bd7 Nf8 32. axb5 Nxd7 33. bxc6+ Kc8 34. cxd7+ Kxd7 35. Qa4+ Kc8 36. Qc6 Rb7 37. e6 Rb6 38. Qa8+ 1-0

[Event "WchT Seniors 50"]
[Site "Dresden"]
[Date "2018.07.09"]
[Round "3.2"]
[White "Schlosser, Philipp"]
[Black "Cummings, David"]
[Result "1-0"]
[WhiteElo "2501"]
[BlackElo "2336"]
[PlyCount "91"]
[GameId "1271208872726528"]
[EventDate "2018.07.07"]
[EventType "team-swiss"]
[EventRounds "9"]
[EventCountry "GER"]
[SourceTitle "CBM 185 Extra"]
[Source "ChessBase"]
[SourceDate "2018.07.29"]
[SourceVersion "1"]
[SourceVersionDate "2018.07.29"]
[SourceQuality "1"]
[WhiteTeam "Germany"]
[BlackTeam "Canada"]
[WhiteTeamCountry "GER"]
[BlackTeamCountry "CAN"]

1. d4 d5 2. c4 e6 3. Nc3 Nf6 4. Nf3 Be7 5. g3 O-O 6. Bg2 dxc4 7. Ne5 c5 8. dxc5 Qxd1+ 9. Nxd1 Bxc5 10. Nc3 Nc6 11. Nxc4 Bd7 12. O-O Rfd8 13. Bf4 Be8 14. Rfd1 Rxd1+ 15. Rxd1 Rd8 16. Rxd8 Nxd8 17. Bc7 Nc6 18. Bd6 Bd4 19. Nb5 Nd5 20. Nxd4 Nxd4 21. e4 Nb6 22. Nxb6 axb6 23. f4 Bc6 24. Kf2 f6 25. g4 Kf7 26. Ke3 Nb5 27. Bb8 Ke7 28. Bf1 Kd7 29. e5 Kc8 30. a4 Nc7 31. Bxc7 Kxc7 32. exf6 gxf6 33. g5 f5 34. Kd4 Kd6 35. Bb5 Bf3 36. h4 Bh5 37. b4 Bd1 38. a5 bxa5 39. bxa5 Bh5 40. Bf1 Bf3 41. Ke3 Bd5 42. Bd3 Bc6 43. Kd4 Bf3 44. Bf1 Kd7 45. Ke5 Ke7 46. Bc4 1-0

[Event "WchT Seniors 50"]
[Site "Dresden"]
[Date "2018.07.13"]
[Round "7.2"]
[White "Emms, John M"]
[Black "Cummings, David"]
[Result "1-0"]
[WhiteElo "2488"]
[BlackElo "2336"]
[PlyCount "41"]
[GameId "1273738099916800"]
[EventDate "2018.07.07"]
[EventType "team-swiss"]
[EventRounds "9"]
[EventCountry "GER"]
[SourceTitle "CBM 185 Extra"]
[Source "ChessBase"]
[SourceDate "2018.07.29"]
[SourceVersion "1"]
[SourceVersionDate "2018.07.29"]
[SourceQuality "1"]
[WhiteTeam "England"]
[BlackTeam "Canada"]
[WhiteTeamCountry "ENG"]
[BlackTeamCountry "CAN"]

1. e4 c5 2. Nf3 e6 3. d4 cxd4 4. Nxd4 Nc6 5. Nc3 Qc7 6. Be2 a6 7. O-O Nf6 8. Be3 Bb4 9. Nxc6 bxc6 10. Qd4 c5 11. Qc4 Bb7 12. a3 d5 13. exd5 exd5 14. Qf4 Qxf4 15. Bxf4 Bxc3 16. bxc3 O-O 17. c4 d4 18. Bd3 Rfe8 19. Rfe1 Ne4 20. Reb1 Re7 21. Rxb7 1-0

[Event "Wch Seniors 50 28th"]
[Site "Bled"]
[Date "2018.11.19"]
[Round "2"]
[White "Cummings, David"]
[Black "Haessel, Dale"]
[Result "1-0"]
[WhiteElo "2331"]
[BlackElo "2155"]
[PlyCount "73"]
[GameId "1320836480688128"]
[EventDate "2018.11.18"]
[EventType "swiss"]
[EventRounds "11"]
[EventCountry "SLO"]
[SourceTitle "CBM 187 Extra"]
[Source "ChessBase"]
[SourceDate "2018.11.04"]
[SourceVersion "1"]
[SourceVersionDate "2018.11.04"]
[SourceQuality "1"]

1. Nf3 Nf6 2. c4 g6 3. Nc3 d5 4. cxd5 Nxd5 5. h4 Bg7 6. e4 Nxc3 7. dxc3 Qxd1+ 8. Kxd1 Nc6 9. Be3 e5 10. Kc2 f6 11. Bc4 Na5 12. Be2 Be6 13. Nd2 Kf7 14. b4 Nc6 15. Bc4 Nd8 16. a4 h5 17. Rhd1 Bh6 18. Bxe6+ Kxe6 19. Bxh6 Rxh6 20. Nc4 Rh7 21. Rd5 Rd7 22. Rad1 Rxd5 23. exd5+ Kd7 24. Ne3 a5 25. Kb3 axb4 26. cxb4 Nf7 27. a5 Nd6 28. Nc4 Nf5 29. g3 Nd4+ 30. Kb2 Nb5 31. d6 Rf8 32. dxc7+ Kxc7 33. Rd5 Nd4 34. b5 Ne6 35. b6+ Kc6 36. Rd6+ Kb5 37. Na3+ 1-0

[Event "Reykjavik op"]
[Site "Reykjavik"]
[Date "2019.04.08"]
[Round "1"]
[White "Smith, Daniel S"]
[Black "Cummings, David"]
[Result "0-1"]
[WhiteElo "2047"]
[BlackElo "2338"]
[PlyCount "72"]
[GameId "1372659263311872"]
[EventDate "2019.04.08"]
[EventType "swiss"]
[EventRounds "9"]
[EventCountry "ISL"]
[SourceTitle "CBM 189 Extra"]
[Source "ChessBase"]
[SourceDate "2019.05.31"]
[SourceVersion "1"]
[SourceVersionDate "2019.05.31"]
[SourceQuality "1"]

1. e4 e5 2. Nf3 Nc6 3. Bc4 Nf6 4. d4 exd4 5. e5 d5 6. Bb5 Ne4 7. Nxd4 Bc5 8. O-O O-O 9. Bxc6 bxc6 10. f3 Ng5 11. Be3 Ne6 12. Qd2 Bxd4 13. Bxd4 c5 14. Bf2 Rb8 15. f4 f5 16. b3 Bb7 17. c4 d4 18. Na3 Qe8 19. Rad1 Qh5 20. Bg3 Rbd8 21. Nc2 Be4 22. Ne1 d3 23. Bf2 Nxf4 24. Bxc5 Ne2+ 25. Kf2 Qxh2 26. Qg5 Rfe8 27. e6 Qe5 28. Bxa7 h6 29. Qe3 f4 30. Qc5 Qxe6 31. Rh1 d2 32. Nf3 Bxf3 33. gxf3 Nc3 34. Kg2 Nxd1 35. Rxd1 Qe2+ 36. Qf2 Qxd1 0-1

[Event "WchT Seniors 50"]
[Site "Prague"]
[Date "2020.03.06"]
[Round "1.13"]
[White "Cummings, David"]
[Black "Hahn, Andreas"]
[Result "1-0"]
[WhiteElo "2342"]
[BlackElo "1892"]
[PlyCount "45"]
[GameId "1493646932848640"]
[EventDate "2020.03.06"]
[EventType "team-swiss"]
[EventRounds "7"]
[EventCountry "CZE"]
[SourceTitle "CBM 195 Extra"]
[Source "ChessBase"]
[SourceDate "2020.05.31"]
[SourceVersion "1"]
[SourceVersionDate "2020.05.31"]
[SourceQuality "1"]
[WhiteTeam "Canada 50"]
[BlackTeam "Germany 50 IX"]
[WhiteTeamCountry "CAN"]
[BlackTeamCountry "GER"]

1. Nf3 Nf6 2. c4 c6 3. Nc3 d5 4. e3 Bg4 5. Qb3 b6 6. cxd5 Bxf3 7. gxf3 Nxd5 8. Nxd5 Qxd5 9. Qxd5 cxd5 10. Bb5+ Nd7 11. Bc6 Rc8 12. Bxd5 Rc5 13. Bb3 e6 14. d4 Rf5 15. Ke2 Bd6 16. e4 Rh5 17. e5 Be7 18. Be3 O-O 19. Rac1 g6 20. Rc7 Rd8 21. Rxa7 Kf8 22. Ra6 Nb8 23. Rxb6 1-0

[Event "WchT Seniors 50"]
[Site "Prague"]
[Date "2020.03.09"]
[Round "4.6"]
[White "Netusil, Miloslav"]
[Black "Cummings, David"]
[Result "0-1"]
[WhiteElo "2151"]
[BlackElo "2342"]
[PlyCount "72"]
[GameId "1493646934040576"]
[EventDate "2020.03.06"]
[EventType "team-swiss"]
[EventRounds "7"]
[EventCountry "CZE"]
[SourceTitle "CBM 195 Extra"]
[Source "ChessBase"]
[SourceDate "2020.05.31"]
[SourceVersion "1"]
[SourceVersionDate "2020.05.31"]
[SourceQuality "1"]
[WhiteTeam "Czech Republic 50 VII"]
[BlackTeam "Canada 50"]
[WhiteTeamCountry "CZE"]
[BlackTeamCountry "CAN"]

1. e4 e5 2. Nf3 Nc6 3. Nc3 Nf6 4. d4 exd4 5. Nxd4 Bb4 6. Nxc6 bxc6 7. Bd3 O-O 8. O-O Re8 9. Bg5 h6 10. Bh4 g5 11. Bg3 Bxc3 12. bxc3 Nxe4 13. Qh5 d6 14. Rae1 Bf5 15. Qf3 Nxg3 16. Rxe8+ Qxe8 17. fxg3 Bxd3 18. cxd3 Rb8 19. Qf2 a5 20. h4 Rb5 21. d4 Qe6 22. h5 Kg7 23. c4 Rb4 24. d5 cxd5 25. cxd5 Qe7 26. Qd2 Qe5 27. Qf2 Qd4 28. Rc1 Qxf2+ 29. Kxf2 Rd4 30. Rxc7 Rxd5 31. Ke3 Kf6 32. Ra7 g4 33. Ke4 Rxh5 34. Kf4 Rc5 35. Kxg4 Rc4+ 36. Kf3 Ra4 0-1